Beyond everydayness theatre architecture in Central Europe /

Other Authors: Kovačevič, Igor, 1973-, Novozámská, Martina, 1974-
Language: English
Published: Prague : National Theatre, c2010
Subjects:
Physical Description: 598 s. : il. (převážně barev.), portréty, plány, faksim. ; 35 cm
Book
Saved in:
LEADER 02389nam a2200589 a 4500
001 nkc20112175040
003 CZ PrNK
005 20120123110110.0
007 ta
008 110315s2010 xr acehe 001 0 eng
015 |a cnb002175040 
020 |a 978-80-7258-364-5  |q (Národní divadlo :  |q váz.) 
035 |a (OCoLC)768556027 
040 |a BOA001  |b cze  |d ABA001 
043 |a ec----- 
045 |a u4y0 
072 7 |a 72  |x Architektura  |2 Konspekt  |9 21 
080 |a 792.05  |2 MRF 
080 |a 725.822  |2 MRF 
080 |a 72(4)  |2 MRF 
080 |a 72(091)  |2 MRF 
080 |a (4-191.2)  |2 MRF 
080 |a (048.8)  |2 MRF 
080 |a (084.11)  |2 MRF 
245 0 0 |a Beyond everydayness theatre architecture in Central Europe /  |c [chief editor Igor Kovačević ; photographer Martina Novozámská] 
246 3 0 |a Theatre architecture in Central Europe 
260 |a Prague :  |b National Theatre,  |c c2010 
300 |a 598 s. :  |b il. (převážně barev.), portréty, plány, faksim. ;  |c 35 cm 
504 |a Obsahuje bibliografii a rejstřík 
648 7 |a 17.-21. století  |7 ch757027  |2 czenas 
648 4 |a 1648-2009 
650 0 7 |a divadla  |7 ph119512  |z Evropa střední  |y 17.-21. stol.  |2 czenas 
650 0 7 |a divadelní architektura  |7 ph119493  |z Evropa střední  |y 17.-21. stol.  |2 czenas 
650 0 7 |a divadelní budovy  |7 ph121370  |z Evropa střední  |y 17.-21. stol.  |2 czenas 
650 0 7 |a evropská architektura  |7 ph120056  |y 17.-21. stol.  |2 czenas 
650 0 7 |a dějiny architektury  |7 ph433023  |z Evropa střední  |2 czenas 
650 0 9 |a theaters  |z Europe, Central  |y 17th-21st centuries  |2 eczenas 
650 0 9 |a theater architecture  |z Europe, Central  |y 17th-21st centuries  |2 eczenas 
650 0 9 |a theater buildings  |z Europe, Central  |y 17th-21st centuries  |2 eczenas 
650 0 9 |a European architecture  |y 17th-21st centuries  |2 eczenas 
650 0 9 |a history of architecture  |z Europe, Central  |2 eczenas 
655 7 |a přehledy  |7 fd133202  |2 czenas 
655 7 |a obrazové publikace  |7 fd132947  |2 czenas 
655 9 |a surveys  |2 eczenas 
655 9 |a pictorial works  |2 eczenas 
700 1 |a Kovačevič, Igor,  |d 1973-  |7 mzk2008463874  |4 edt 
700 1 |a Novozámská, Martina,  |d 1974-  |7 jn20000401874  |4 pht 
910 2 |a BOA001  |b 4-1272.511 
990 |a BK 
995 |a 01 
991 |b 201110  |c NOV  |j 72 BEY  |e n 
996 6 |b 2610490716  |c 4-1272.511  |l MZK  |r Sklad / do 1 hodiny  |n 4  |p p.v.  |w 001206837  |u 000010  |a 1  |e BOA001  |j MZK50  |s P